| 000 | 00505cam a22002051a 4500 | ||
|---|---|---|---|
| 001 | sa 65003606 | ||
| 003 | DLC | ||
| 005 | 20260227112124.0 | ||
| 008 | 950414q19601969io a 000 1 ind | ||
| 010 | _asa 65003606 | ||
| 025 | _aPL480:Indo-1300 | ||
| 035 | _a(OCoLC)32306159 | ||
| 040 |
_aDLC _cWU _dDLC |
||
| 042 | _apremarc | ||
| 050 | 0 | 0 |
_aPL5089.T39 _bM3 |
| 100 | 1 | _aTan, Kian An. | |
| 245 | 1 | 0 | _aMajat menjanji? |
| 260 |
_aDjakarta : _bSwandjaja, _c[196-?] |
||
| 300 |
_a71 p. : _bill. ; _c18 cm. |
||
| 999 |
_c63238 _d63238 |
||